The Bambusae Of British India (Record no. 592346)

MARC details
000 -LEADER
fixed length control field 00399nam a2200145 a 4500
008 - FIXED-LENGTH DATA ELEMENTS--GENERAL INFORMATION
fixed length control field 251018s2025##################000#0#eng##
020 ## - INTERNATIONAL STANDARD BOOK NUMBER
ISBN 9789392025228
082 04 - DEWEY DECIMAL CLASSIFICATION NUMBER
Classification number 584.93
Item number GAM
100 ## - MAIN ENTRY--AUTHOR NAME
Personal name Gamble, J.s.
245 10 - TITLE STATEMENT
Title The Bambusae Of British India
Statement of responsibility, etc J.S.GAMBLE
260 ## - PUBLICATION, DISTRIBUTION, ETC. (IMPRINT)
Place of publication Dehradun
Name of publisher M/s Bishen Singh Mahendra Pal Singh
Year of publication 1978
650 ## - SUBJECT ADDED ENTRY--TOPICAL TERM
Topical Term Botany
942 ## - ADDED ENTRY ELEMENTS (KOHA)
Koha item type English Books
Holdings
Withdrawn status Lost status Damaged status Not for loan Home library Current library Shelving location Date acquired Full call number Accession Number Price effective from Koha item type
        Anna Centenary Library Anna Centenary Library 5TH FLOOR, B WING 18.10.2025 584.93 GAM 173429 18.10.2025 English Books

Find us on the map